000 00615cam a2200193 4500
001 ##L134547
008 060815n 000 0 eng u
035 _a(Sirsi) u134547
041 0 _aeng
050 0 4 _a333.01 $2 18
110 2 _aUniversity of Cambridge
_bDepartment of Land Economy
_9201
245 0 0 _aContemporary problems of land ownership
260 _aCambridge
_bCambridge University
_c[1962]
300 _a107p.
_c22cm.
520 _aA course of lectures given at Cambridge in June 1962.
690 _aBlock management
_96220
710 2 _aCambridge University Estate Management Club
_9254
942 _n0
999 _c105723
_d105723